| 000 | 01619nam a22003257a 4500 | ||
|---|---|---|---|
| 003 | OSt | ||
| 005 | 20260416152807.0 | ||
| 008 | 260410t2006 xxu||||| |||| 00| 0 spa d | ||
| 020 | _a9788847005037 | ||
| 020 | _a8847005035 | ||
| 040 |
_aUnicoc _bspa _c00001 _d00001 |
||
| 082 | _a515 | ||
| 100 |
_912903 _a Quarteroni, Alfio |
||
| 245 |
_aCálculo científico con Matlab y octave _c/ Alfio Quarteroni, Fausto Saleri |
||
| 250 | _a1 Ed. | ||
| 260 |
_aItalia : _bSpringer , _c2006 |
||
| 300 |
_a336 páginas _bIlustraciones, Tablas, gráficas, diagrámas |
||
| 500 | _aIncluye Índice y Referencias bibliográficas | ||
| 505 |
_t1. Lo que no se puede ignorar. -- _t2. Ecuaciones no lineales. -- _t3. Aproximación de funciones y datos. -- _t4. Diferenciación e integración numéricas. -- _t5. Sistemas lineales. -- _t6. Autovalores y autovectores. -- _t7. Ecuaciones diferenciales ordinarias. -- _t8. Métodos numéricos para problemas de valores iniciales y de contorno. -- _t9. Soluciones de los ejercicios. -- |
||
| 526 | _5Unicoc | ||
| 546 | _aEspañol | ||
| 650 | 0 |
_97638 _aMATLAB (Programa para computador) |
|
| 650 | 0 |
_97639 _aAnálisis numérico _vProcesamiento de datos |
|
| 650 | 0 |
_9351 _aMatemáticas _xProcesamiento de datos |
|
| 658 | 0 |
_98220 _aPrograma de Ingeniería de Sistemas |
|
| 658 | 0 |
_98260 _aPrograma de Ingeniería Industrial |
|
| 700 |
_912904 _a Saleri, Fausto |
||
| 856 |
_yAcceso online exclusivo para comunidad Unicoc. _uhttps://unicoceduco-my.sharepoint.com/:b:/g/personal/direccionbiblioteca_unicoc_edu_co/IQDLtzh2D52KSp7dFBXPguRvAc2x0W1AITm8OhTIXzjqEH8 |
||
| 942 |
_2ddc _cEBOOK |
||
| 999 |
_c10832 _d10832 |
||